000 00539nam a22002177a 4500
003 UA-OsUOA
001 36866
007 ta
008 20061109b un ||||| |||| 00| 0 ukr d
090 _a82
_bБ28
942 _cBK
040 _aUA-OsUOA
_bukr
_cUA-OsUOA
_dUA-OsUOA
245 _aБатькові Тарасові - Батько Союз
300 _a190 с.
955 _a1
041 _aukr
080 _a82
260 _bСвобода
650 7 _a9 Географія. Біографії. Історія
_2UDC
999 _c435395
_d435395